Spongebob Blubberbernd - Statistiken

Allgemein
  • Dieses Quiz wurde 48 mal gespielt
  • Das Durchschnittsergebnis liegt bei 11 aus 29
Antwortstatistiken
Antwort % Korrekt
Ich
76%
einen
59%
mit
55%
mit
55%
Doppel
52%
extra
52%
und
52%
und
52%
und
52%
Zack
41%
Zack
41%
auf
31%
gebraten
31%
Glanz
31%
Gloria
31%
Hauch
31%
nehme
31%
zum
31%
Chefburger
28%
scharf
28%
tierisch
28%
Triple
28%
Heulen
24%
Kiesel
24%
einem
21%
Los
21%
verbrannt
21%
vierfach
21%
Axelschweiß
17%
Keine übereinstimmenden Quizze gefunden
Verteilung der Resultate
Anzahl Personen mit jedem Resultat
Perzentil nach korrekt beantworteten Fragen
Ihre Resultats-Entwicklung
Sie haben dieses Quiz noch nicht gespielt